[Event "Reykjavik op"]
[Site "Reykjavik"]
[Date "2024.03.20"]
[Round "8"]
[White "Gudnyjarson, Sigurdur Pall"]
[Black "Dietzsch, Herbert"]
[Result "1/2-1/2"]
[WhiteElo "1789"]
[BlackElo "1998"]
[PlyCount "38"]
[EventDate "2024.03.15"]
[EventType "swiss"]
[EventRounds "9"]
[EventCountry "ISL"]
[SourceTitle "CB13_2024"]
[SourceDate "2024.03.27"]
[SourceVersion "1"]
[SourceVersionDate "2024.03.27"]
[SourceQuality "1"]

1. d4 Nf6 2. c4 e6 3. g3 d5 4. Bg2 c6 5. Nf3 Nbd7 6. 0-0 Bd6 7. Qc2 0-0 8. Nbd2 Re8 9. e4 dxe4 10. Nxe4 Nxe4 11. Qxe4 e5 12. dxe5 Nxe5 13. Nxe5 Bxe5 14. Qc2 Qf6 15. Re1 Bf5 16. Be4 Bd4 17. Bg5 Qxg5 18. Bxf5 g6 19. Bh3 Qf6 1/2-1/2

[Event "Reykjavik op"]
[Site "Reykjavik"]
[Date "2024.03.19"]
[Round "7"]
[White "Dietzsch, Herbert"]
[Black "Geirsson, Kristjan"]
[Result "0-1"]
[WhiteElo "1998"]
[BlackElo "1819"]
[PlyCount "54"]
[EventDate "2024.03.15"]
[EventType "swiss"]
[EventRounds "9"]
[EventCountry "ISL"]
[SourceTitle "CB13_2024"]
[SourceDate "2024.03.27"]
[SourceVersion "1"]
[SourceVersionDate "2024.03.27"]
[SourceQuality "1"]

1. e4 e5 2. Nf3 Nc6 3. Bc4 Nf6 4. d3 Bc5 5. c3 d6 6. Nbd2 Be6 7. 0-0 0-0 8. Re1 a6 9. a4 h6 10. Nf1 Ba7 11. Be3 Bxc4 12. dxc4 Bxe3 13. Rxe3 Ng4 14. Rd3 f5 15. N1d2 Nf6 16. Qe2 f4 17. c5 Ne8 18. Nc4 Qf6 19. cxd6 cxd6 20. Rad1 Rd8 21. Qd2 g5 22. Nxd6 Nxd6 23. Rxd6 Rxd6 24. Qxd6 Rd8 25. Qd5+ Rxd5 26. exd5 Qd6 27. Rd2 Na5 0-1

[Event "Reykjavik op"]
[Site "Reykjavik"]
[Date "2024.03.15"]
[Round "1"]
[White "Dietzsch, Herbert"]
[Black "Dauner, Benedikt"]
[Result "0-1"]
[WhiteElo "1998"]
[BlackElo "2366"]
[PlyCount "98"]
[EventDate "2024.03.15"]
[EventType "swiss"]
[EventRounds "9"]
[EventCountry "ISL"]
[SourceTitle "CB13_2024"]
[SourceDate "2024.03.27"]
[SourceVersion "1"]
[SourceVersionDate "2024.03.27"]
[SourceQuality "1"]

1. e4 c5 2. Nf3 e6 3. d4 cxd4 4. Nxd4 Nf6 5. Nc3 Nc6 6. Ndb5 Bc5 7. Bf4 0-0 8. Bc7 Qe7 9. Bd6 Bxd6 10. Qxd6 Qd8 11. 0-0-0 a6 12. Nd4 Ne7 13. Bd3 b5 14. f3 Ne8 15. Qg3 b4 16. Nce2 Qa5 17. Kb1 d6 18. h4 e5 19. Nb3 Qb6 20. f4 Nc6 21. f5 a5 22. Rhf1 Nf6 23. Qf3 a4 24. Nd2 h5 25. Qf2 Qxf2 26. Rxf2 Rd8 27. Ng3 Ng4 28. Rf3 Nd4 29. Nxh5 Nxf3 30. gxf3 Nf6 31. Nxf6+ gxf6 32. Nc4 Bb7 33. Ne3 Kf8 34. Bc4 Rac8 35. Bb5 a3 36. bxa3 Rc3 37. Nc4 Rxf3 38. axb4 Bxe4 39. Rxd6 Rb8 40. a4 Bxf5 41. Kb2 Be6 42. Rb6 Rd8 43. a5 Rf4 44. Rxe6 fxe6 45. Kb3 Rf3+ 46. Ka4 Rc3 47. a6 Rxc2 48. Nb6 e4 49. a7 Ra2+ 0-1

[Event "Rottach Egern Seniors Cup 11th"]
[Site "Rottach Egern"]
[Date "2023.04.18"]
[Round "4"]
[White "Dietzsch, Herbert"]
[Black "Krauseneck, Peter"]
[Result "1/2-1/2"]
[WhiteElo "2000"]
[BlackElo "2117"]
[PlyCount "69"]
[EventDate "2023.04.15"]
[EventType "swiss"]
[EventRounds "9"]
[EventCountry "GER"]
[SourceTitle "EXT 2024"]
[Source "ChessBase"]
[SourceDate "2023.10.10"]
[SourceVersion "1"]
[SourceVersionDate "2023.10.10"]
[SourceQuality "1"]

1. e4 e6 2. d4 d5 3. Nc3 Bb4 4. e5 c5 5. Bd2 Bd7 6. Nb5 Bxd2+ 7. Qxd2 Bxb5 8. Bxb5+ Kf8 9. c3 cxd4 10. cxd4 Ne7 11. Nf3 Qb6 12. Ba4 Nbc6 13. 0-0 h6 14. Bxc6 Nxc6 15. Rfc1 Ke7 16. Qd3 Rac8 17. Qa3+ Nb4 18. Rc3 Rhd8 19. Rac1 Kd7 20. Rc5 Nc6 21. Qc3 a5 22. a3 a4 23. h3 Ra8 24. Nd2 Ra5 25. b4 Rxc5 26. dxc5 Qb5 27. Nf3 Kc7 28. Nd4 Nxd4 29. Qxd4 Qe2 30. Rc3 Kc6 31. Rd3 Qe1+ 32. Kh2 Qb1 33. Rd1 Qb3 34. Rd3 Qb1 35. Rd1 1/2-1/2

[Event "Rottach Egern Seniors Cup 11th"]
[Site "Rottach Egern"]
[Date "2023.04.17"]
[Round "3"]
[White "Boersch, Guenter"]
[Black "Dietzsch, Herbert"]
[Result "0-1"]
[WhiteElo "1523"]
[BlackElo "2000"]
[PlyCount "79"]
[EventDate "2023.04.15"]
[EventType "swiss"]
[EventRounds "9"]
[EventCountry "GER"]
[SourceTitle "EXT 2024"]
[Source "ChessBase"]
[SourceDate "2023.10.10"]
[SourceVersion "1"]
[SourceVersionDate "2023.10.10"]
[SourceQuality "1"]

1. d4 d5 2. c4 c6 3. Nf3 Nf6 4. g3 Bf5 5. Bg2 Bxb1 6. Rxb1 Qa5+ 7. Bd2 Qxa2 8. b3 dxc4 9. bxc4 Qxc4 10. Rxb7 Nd5 11. Rb3 e6 12. e4 Nb6 13. Bf1 Qa4 14. d5 Qxe4+ 15. Re3 Qxd5 16. Rd3 Qe4+ 17. Re3 Qa4 18. Qb1 Be7 19. Re4 Qa3 20. Re3 Qc5 21. Rc3 Qd5 22. Rd3 Qe4+ 23. Be2 0-0 24. 0-0 N8d7 25. Be3 Nc5 26. Bxc5 Bxc5 27. Re1 Nd5 28. Bf1 Qf5 29. Re5 Qf6 30. Qc1 Bb6 31. Re4 Rad8 32. Ra3 Rd7 33. Kg2 Rfd8 34. Qxc6 Rc7 35. Qa4 Nc3 36. Rxc3 Rxc3 37. Rf4 Qe7 38. Qe4 Qc5 39. Kh3 Qd5 40. Qe2 0-1

[Event "Rottach Egern Seniors Cup 11th"]
[Site "Rottach Egern"]
[Date "2023.04.15"]
[Round "1"]
[White "Schnell, Franz"]
[Black "Dietzsch, Herbert"]
[Result "1/2-1/2"]
[WhiteElo "1697"]
[BlackElo "2000"]
[PlyCount "33"]
[EventDate "2023.04.15"]
[EventType "swiss"]
[EventRounds "9"]
[EventCountry "GER"]
[SourceTitle "EXT 2024"]
[Source "ChessBase"]
[SourceDate "2023.10.10"]
[SourceVersion "1"]
[SourceVersionDate "2023.10.10"]
[SourceQuality "1"]

1. d4 d5 2. Bf4 c6 3. e3 Bf5 4. Bd3 Bg6 5. Nf3 Qb6 6. Bxg6 hxg6 7. Qc1 Nd7 8. c3 e6 9. Nbd2 Ngf6 10. h3 Be7 11. Qc2 c5 12. 0-0 Rc8 13. Rfe1 0-0 14. a4 Bd6 15. a5 Qc7 16. Bxd6 Qxd6 17. Qa4 1/2-1/2

[Event "Reykjavik Kvika op"]
[Site "Reykjavik"]
[Date "2022.04.08"]
[Round "4"]
[White "Dietzsch, Herbert"]
[Black "Riedelsheimer, Julia"]
[Result "1-0"]
[WhiteElo "2027"]
[BlackElo "1663"]
[PlyCount "93"]
[EventDate "2022.04.06"]
[EventType "swiss"]
[EventRounds "9"]
[EventCountry "ISL"]
[SourceTitle "CBM 207 Extra"]
[Source "ChessBase"]
[SourceDate "2022.05.31"]
[SourceVersion "1"]
[SourceVersionDate "2022.05.31"]
[SourceQuality "1"]

1. e4 d6 2. d4 Nf6 3. Nc3 Nbd7 4. Be3 e5 5. f3 c6 6. d5 Qa5 7. a3 c5 8. Bd2 a6 9. Bc4 Qc7 10. a4 Rb8 11. a5 Be7 12. Nge2 0-0 13. 0-0 b5 14. axb6 Nxb6 15. Bxa6 Bxa6 16. Rxa6 Nc4 17. b3 Nxd2 18. Qxd2 c4 19. bxc4 Qxc4 20. Qd3 Qc5+ 21. Kh1 Rfc8 22. g3 Rb4 23. Rfa1 Rc4 24. Ra8 g6 25. Kg2 Kg7 26. Na4 Qb4 27. c3 Qb7 28. Rxc8 Rxc8 29. Rb1 Qa7 30. Nb6 Rc7 31. Nc4 Qc5 32. Ne3 Nd7 33. c4 Bg5 34. f4 Bh6 35. h4 Kf8 36. Rb5 Qa7 37. Kf3 exf4 38. gxf4 g5 39. hxg5 Bxg5 40. Qd4 Bf6 41. Qxa7 Rxa7 42. Nf5 Be7 43. Nxe7 Kxe7 44. Nd4 Ra3+ 45. Kg4 Nc5 46. Nf5+ Kd7 47. Nxd6 1-0

[Event "Akureyri Icelandic op"]
[Site "Akureyri"]
[Date "2019.05.26"]
[Round "3"]
[White "Finnsson, Johann Arnar"]
[Black "Dietzsch, Herbert"]
[Result "1/2-1/2"]
[WhiteElo "1789"]
[BlackElo "2059"]
[PlyCount "28"]
[EventDate "2019.05.25"]
[EventType "swiss"]
[EventRounds "9"]
[EventCountry "ISL"]
[SourceTitle "CBM 190 Extra"]
[Source "ChessBase"]
[SourceDate "2019.07.15"]
[SourceVersion "1"]
[SourceVersionDate "2019.07.15"]
[SourceQuality "1"]

1. e4 c5 2. Nf3 Nc6 3. c3 Nf6 4. Bd3 d6 5. h3 e6 6. Bc2 Be7 7. d4 0-0 8. 0-0 Qc7 9. Bf4 cxd4 10. Nxd4 e5 11. Nxc6 bxc6 12. Be3 Ba6 13. Bd3 Bxd3 14. Qxd3 d5 1/2-1/2

[Event "Akureyri Icelandic op"]
[Site "Akureyri"]
[Date "2019.05.25"]
[Round "1"]
[White "Signyjarson, Arnar Smari"]
[Black "Dietzsch, Herbert"]
[Result "0-1"]
[WhiteElo "1488"]
[BlackElo "2059"]
[PlyCount "46"]
[EventDate "2019.05.25"]
[EventType "swiss"]
[EventRounds "9"]
[EventCountry "ISL"]
[SourceTitle "CBM 190 Extra"]
[Source "ChessBase"]
[SourceDate "2019.07.15"]
[SourceVersion "1"]
[SourceVersionDate "2019.07.15"]
[SourceQuality "1"]

1. e4 c5 2. Nc3 e6 3. f4 d5 4. exd5 exd5 5. Bb5+ Nc6 6. Nf3 Nf6 7. 0-0 Be7 8. Ne5 Bd7 9. Re1 0-0 10. Nxd7 Qxd7 11. b3 Rfe8 12. Bb2 Rad8 13. d4 cxd4 14. Ne2 Bc5 15. Bxd4 Qd6 16. Bxc6 bxc6 17. Rc1 Re4 18. Kh1 Ng4 19. Qd2 Rde8 20. Bxc5 Qxc5 21. h3 Qf2 22. Rg1 Rxe2 23. Qc3 R2e3 0-1

[Event "GER-chT Seniors 26th"]
[Site "Templin"]
[Date "2017.09.30"]
[Round "6.4"]
[White "Kuhne, Detlev"]
[Black "Dietzsch, Herbert"]
[Result "1/2-1/2"]
[WhiteElo "2108"]
[BlackElo "2094"]
[PlyCount "100"]
[EventDate "2017.09.25"]
[EventType "team-swiss"]
[EventRounds "7"]
[EventCountry "GER"]
[SourceTitle "EXT 2019"]
[Source "ChessBase"]
[SourceDate "2018.10.10"]
[SourceVersion "1"]
[SourceVersionDate "2018.10.10"]
[SourceQuality "1"]
[WhiteTeam "Brandenburg"]
[BlackTeam "Rheinland Pfalz"]
[WhiteTeamCountry "GER"]
[BlackTeamCountry "GER"]

1. c4 e6 2. Nf3 d5 3. d4 c6 4. Nc3 Nf6 5. e3 Nbd7 6. Bd3 Be7 7. 0-0 0-0 8. e4 dxe4 9. Nxe4 Nxe4 10. Bxe4 Nf6 11. Bc2 c5 12. dxc5 Bxc5 13. Bg5 Be7 14. Qxd8 Rxd8 15. Rfd1 Bd7 16. Ne5 Be8 17. Rxd8 Rxd8 18. Rd1 Rxd1+ 19. Bxd1 h6 20. Be3 b6 21. Bf3 Bd6 22. Nd3 Nd7 23. b4 Ne5 24. Nxe5 Bxe5 25. c5 Bc7 26. g3 Kf8 27. Kf1 Ke7 28. Ke2 Bb5+ 29. Kd2 Kd7 30. Kc3 bxc5 31. Bxc5 a5 32. a3 Be5+ 33. Kb3 a4+ 34. Kc2 f5 35. Bg2 g5 36. Be3 Bc4 37. f4 Bf6 38. Bc1 gxf4 39. gxf4 Bd4 40. Bb2 Bg1 41. h3 Be3 42. Be5 Be2 43. Kb2 Bd2 44. Kc2 Be3 45. Bb8 h5 46. Be5 h4 47. Bb8 Bb5 48. Kd1 Bd3 49. Be5 Bc4 50. Kc2 Bb5 1/2-1/2

[Event "Reykjavik op"]
[Site "Reykjavik"]
[Date "2017.04.20"]
[Round "3"]
[White "Dietzsch, Herbert"]
[Black "Magnusson, Thorsteinn"]
[Result "0-1"]
[WhiteElo "2106"]
[BlackElo "1489"]
[PlyCount "62"]
[EventDate "2017.04.19"]
[EventType "swiss"]
[EventRounds "10"]
[EventCountry "ISL"]
[SourceTitle "CBM 178 Extra"]
[Source "ChessBase"]
[SourceDate "2017.06.22"]
[SourceVersion "1"]
[SourceVersionDate "2017.06.22"]
[SourceQuality "1"]

1. e4 e6 2. d4 d5 3. Nc3 Bb4 4. e5 c5 5. Bd2 Ne7 6. Nb5 Bxd2+ 7. Qxd2 0-0 8. f4 a6 9. Nd6 Nbc6 10. dxc5 f6 11. exf6 Rxf6 12. Nf3 b6 13. Nxc8 Nxc8 14. cxb6 Qxb6 15. 0-0-0 Nd6 16. Bd3 Rb8 17. b3 Nb4 18. Kb2 a5 19. g3 a4 20. Ne5 Nxd3+ 21. Qxd3 Qb4 22. Nc6 Nc4+ 23. Ka1 Qa3 24. Rb1 axb3 25. Rxb3 Rxb3 26. Qxb3 Qc5 27. Qb8+ Rf8 28. Qc7 Qa3 29. Qb7 Qc3+ 30. Kb1 Na3+ 31. Kc1 Qxc2# 0-1

[Event "GER-chT Seniors 25th"]
[Site "Magdeburg"]
[Date "2016.10.11"]
[Round "3.1"]
[White "Dietzsch, Herbert"]
[Black "Krueger, Horst"]
[Result "1/2-1/2"]
[WhiteElo "2087"]
[BlackElo "2096"]
[PlyCount "62"]
[EventDate "2016.10.09"]
[EventType "team-swiss"]
[EventRounds "7"]
[EventCountry "GER"]
[SourceTitle "EXT 2019"]
[Source "ChessBase"]
[SourceDate "2018.10.10"]
[SourceVersion "1"]
[SourceVersionDate "2018.10.10"]
[SourceQuality "1"]
[WhiteTeam "Rheinland Pfalz II"]
[BlackTeam "Mecklenburg Vorpommern II"]
[WhiteTeamCountry "GER"]
[BlackTeamCountry "GER"]

1. e4 c5 2. Nf3 d6 3. d4 cxd4 4. Nxd4 Nf6 5. Nc3 g6 6. Be2 Bg7 7. Be3 Nc6 8. 0-0 0-0 9. h3 Nxd4 10. Bxd4 e5 11. Be3 Be6 12. Bf3 Qd7 13. Qd2 Rfd8 14. Rfd1 Ne8 15. Nd5 Bxd5 16. Qxd5 Nf6 17. Qd3 h6 18. c4 b6 19. a4 Qc7 20. a5 bxa5 21. Qc3 Bf8 22. Rxa5 Nd7 23. Rda1 Nb6 24. b3 Rdb8 25. Ra6 Rb7 26. Qa5 Nc8 27. Qa4 Rab8 28. Bxa7 Nxa7 29. Rxa7 Rxa7 30. Qxa7 Qxa7 31. Rxa7 Rxb3 1/2-1/2

[Event "Reykjavik op"]
[Site "Reykjavik"]
[Date "2016.03.11"]
[Round "5"]
[White "Dietzsch, Herbert"]
[Black "Kakulidis, Ellen"]
[Result "1-0"]
[WhiteElo "2090"]
[BlackElo "1843"]
[PlyCount "51"]
[EventDate "2016.03.08"]
[EventType "swiss"]
[EventRounds "10"]
[EventCountry "ISL"]
[SourceTitle "CBM 171 Extra"]
[Source "ChessBase"]
[SourceDate "2016.04.26"]
[SourceVersion "1"]
[SourceVersionDate "2016.04.26"]
[SourceQuality "1"]

1. e4 e6 2. d4 d5 3. Nc3 Bb4 4. e5 c5 5. Bd2 Nh6 6. a3 Ba5 7. dxc5 d4 8. Nb5 Bxd2+ 9. Qxd2 Nc6 10. Nd6+ Kf8 11. Nf3 f6 12. Nxd4 Nxe5 13. f4 Nef7 14. Nxc8 Qxc8 15. Bc4 e5 16. Ne6+ Kg8 17. fxe5 Nxe5 18. Bb3 Nhf7 19. 0-0-0 h6 20. Nd8 Qxc5 21. Nxf7 Nxf7 22. Qd7 Qf8 23. Qxb7 Rb8 24. Bxf7+ Qxf7 25. Qxb8+ Kh7 26. Qb3 1-0

[Event "GER-chT Seniors 24th"]
[Site "Berlin"]
[Date "2015.09.07"]
[Round "2.3"]
[White "Dietzsch, Herbert"]
[Black "Shapiro, Yosip"]
[Result "1/2-1/2"]
[WhiteElo "2060"]
[BlackElo "2101"]
[PlyCount "61"]
[EventDate "2015.09.06"]
[EventType "team-swiss"]
[EventRounds "7"]
[EventCountry "GER"]
[SourceTitle "EXT 2018"]
[Source "ChessBase"]
[SourceDate "2017.10.13"]
[SourceVersion "1"]
[SourceVersionDate "2017.10.13"]
[SourceQuality "1"]
[WhiteTeam "Rheinland Pfalz Seniors II"]
[BlackTeam "Berolina Mitte Seniors"]
[WhiteTeamCountry "GER"]
[BlackTeamCountry "GER"]

1. e4 c6 2. d4 d5 3. exd5 cxd5 4. Bd3 Nc6 5. c3 Nf6 6. h3 g6 7. Nf3 Bg7 8. 0-0 0-0 9. Re1 Qc7 10. Nbd2 Nh5 11. Nf1 Nf4 12. Bc2 Nh5 13. Ne3 e6 14. Ng4 f5 15. Nfe5 Nf6 16. Bf4 Qb6 17. Nxc6 bxc6 18. Rb1 c5 19. Be5 Bd7 20. dxc5 Qxc5 21. Qd4 Qxd4 22. cxd4 Rfc8 23. Bd3 a6 24. Rbc1 Ne4 25. Bxg7 Kxg7 26. Ne5 Bb5 27. f3 Nd6 28. Kf2 Kf6 29. b3 h5 30. Ke3 g5 31. a4 1/2-1/2

[Event "GER-chT Seniors 24th"]
[Site "Berlin"]
[Date "2015.09.06"]
[Round "1.3"]
[White "Seyfried, Claus"]
[Black "Dietzsch, Herbert"]
[Result "0-1"]
[WhiteElo "2159"]
[BlackElo "2060"]
[PlyCount "107"]
[EventDate "2015.09.06"]
[EventType "team-swiss"]
[EventRounds "7"]
[EventCountry "GER"]
[SourceTitle "EXT 2018"]
[Source "ChessBase"]
[SourceDate "2017.10.13"]
[SourceVersion "1"]
[SourceVersionDate "2017.10.13"]
[SourceQuality "1"]
[WhiteTeam "Wuerttemberg Seniors"]
[BlackTeam "Rheinland Pfalz Seniors II"]
[WhiteTeamCountry "GER"]
[BlackTeamCountry "GER"]

1. e4 c5 2. c3 Nf6 3. e5 Nd5 4. d4 cxd4 5. Nf3 e6 6. cxd4 Nc6 7. Bc4 d6 8. 0-0 dxe5 9. dxe5 Be7 10. Qe2 a6 11. Rd1 Qc7 12. Bxd5 exd5 13. Nc3 Be6 14. Nxd5 Bxd5 15. Rxd5 Nb4 16. Rd1 0-0 17. Bf4 Rad8 18. a3 Nd5 19. Bg3 Qb6 20. Rd2 Nc7 21. Rad1 Ne6 22. Rd7 Rxd7 23. Rxd7 Re8 24. Qd2 Nc5 25. Rd5 Qg6 26. b4 Ne4 27. Qc2 Nxg3 28. Qxg6 hxg6 29. hxg3 Rd8 30. Rxd8+ Bxd8 31. Kf1 b5 32. Nd4 Bb6 33. Nc6 Bc7 34. Ke2 Kf8 35. Kd3 Ke8 36. Ke4 Kd7 37. Kd5 Kc8 38. g4 g5 39. g3 Bb6 40. Nd4 Kd7 41. f4 g6 42. f5 gxf5 43. gxf5 g4 44. f6 Ba7 45. e6+ fxe6+ 46. Nxe6 Ke8 47. Ng5 Be3 48. Ne4 Kf7 49. Nc5 Kxf6 50. Nxa6 Kf5 51. Nc7 Bf2 52. Nxb5 Bxg3 53. Nd6+ Bxd6 54. Kxd6 0-1

[Event "Rheinland Pfalz op 5th"]
[Site "Worms"]
[Date "2013.06.01"]
[Round "6"]
[White "Dietzsch, Herbert"]
[Black "Neisen, Frederick"]
[Result "1/2-1/2"]
[WhiteElo "2079"]
[BlackElo "1896"]
[PlyCount "24"]
[EventDate "2013.05.30"]
[EventType "swiss"]
[EventRounds "7"]
[EventCountry "GER"]
[SourceTitle "EXT 2014"]
[Source "ChessBase"]
[SourceDate "2013.11.20"]
[SourceVersion "1"]
[SourceVersionDate "2013.11.20"]
[SourceQuality "1"]

1. e4 e5 2. Nf3 Nc6 3. Bb5 a6 4. Ba4 Nf6 5. 0-0 b5 6. Bb3 Bc5 7. d3 0-0 8. Bg5 d6 9. Nc3 h6 10. Bh4 Nd4 11. Nxd4 Bxd4 12. Nd5 g5 1/2-1/2

[Event "Zweibruecken PSB-ch MAT2 82nd"]
[Site "Zweibruecken"]
[Date "2013.03.28"]
[Round "5"]
[White "Dietzsch, Herbert"]
[Black "Hofmann, Christian"]
[Result "1-0"]
[WhiteElo "2088"]
[BlackElo "2004"]
[PlyCount "51"]
[EventDate "2013.??.??"]
[EventType "tourn"]
[EventRounds "9"]
[EventCountry "GER"]
[SourceTitle "EXT 2014"]
[Source "ChessBase"]
[SourceDate "2013.11.20"]
[SourceVersion "1"]
[SourceVersionDate "2013.11.20"]
[SourceQuality "1"]

1. e4 c5 2. Nf3 e6 3. d4 cxd4 4. Nxd4 a6 5. Bd3 Qc7 6. Nc3 Nc6 7. Nb3 Nf6 8. f4 d6 9. Be3 Be7 10. Qf3 0-0 11. g4 b5 12. g5 Nd7 13. a3 Bb7 14. Rg1 f5 15. gxf6 Rxf6 16. Qh3 Nf8 17. 0-0-0 Na5 18. Nxa5 Qxa5 19. Bd4 Rf7 20. Bxg7 Rxg7 21. Rxg7+ Kxg7 22. Rg1+ Kf7 23. Qh5+ Ng6 24. Qxh7+ Ke8 25. Rxg6 Kd7 26. Rxe6 1-0

[Event "Zweibruecken PSB-ch MAT2 82nd"]
[Site "Zweibruecken"]
[Date "2013.03.28"]
[Round "6"]
[White "Wintergerst, Johannes"]
[Black "Dietzsch, Herbert"]
[Result "1-0"]
[WhiteElo "2052"]
[BlackElo "2088"]
[PlyCount "131"]
[EventDate "2013.??.??"]
[EventType "tourn"]
[EventRounds "9"]
[EventCountry "GER"]
[SourceTitle "EXT 2014"]
[Source "ChessBase"]
[SourceDate "2013.11.20"]
[SourceVersion "1"]
[SourceVersionDate "2013.11.20"]
[SourceQuality "1"]

1. d4 d5 2. c4 e6 3. Nc3 Nf6 4. cxd5 exd5 5. Bg5 c6 6. e3 Bf5 7. Qf3 Bg6 8. Bxf6 gxf6 9. Qd1 Nd7 10. h4 h5 11. Nh3 Bd6 12. a3 Qe7 13. Rc1 f5 14. g3 Nf6 15. Ne2 0-0-0 16. Nhf4 Kb8 17. b4 Rhe8 18. Bg2 a6 19. 0-0 Ne4 20. Qe1 Rg8 21. Rb1 Bc7 22. a4 Bb6 23. Rb3 Rd7 24. Kh2 Rgd8 25. Bf3 Nf6 26. Nd3 Ng4+ 27. Bxg4 fxg4 28. Ne5 Rd6 29. Nf4 Bc2 30. Ra3 f6 31. Ned3 Bxd3 32. Rxd3 Qf7 33. Qb1 R6d7 34. Rc3 f5 35. Nd3 Re7 36. Kg1 Qf6 37. Qb3 Re4 38. Rfc1 Qd6 39. Qc2 Qd7 40. Nc5 Bxc5 41. Rxc5 Re7 42. b5 axb5 43. axb5 cxb5 44. Qb3 Re6 45. Rxb5 Rc6 46. Rb1 Rc7 47. Kg2 Qe7 48. Kg1 Qd7 49. Kh2 Qc6 50. Rb2 Rdd7 51. Qa3 Qd6 52. Qa5 Rc4 53. Ra2 Kc8 54. Qd2 Rdc7 55. Qd3 Qe6 56. Ra8+ Kd7 57. Raa5 b6 58. Rxd5+ Kc8 59. Re5 Qd7 60. Rad5 Qa4 61. Qxf5+ Kb7 62. Qe4 Qc6 63. Re6 Rc2 64. Rxc6 R7xc6 65. Rf5 Rc1 66. Kg2 1-0

[Event "Rheinland Pfalz op 4th"]
[Site "Altenkirchen"]
[Date "2012.06.09"]
[Round "5"]
[White "Dietzsch, Herbert"]
[Black "Franke, Michael"]
[Result "1-0"]
[WhiteElo "2094"]
[BlackElo "2189"]
[PlyCount "161"]
[EventDate "2012.06.07"]
[EventType "swiss"]
[EventRounds "7"]
[EventCountry "GER"]
[SourceTitle "CBM 148 Extra"]
[Source "ChessBase"]
[SourceDate "2012.06.22"]
[SourceVersion "1"]
[SourceVersionDate "2012.06.22"]
[SourceQuality "1"]

1. e4 e5 2. Nf3 Nc6 3. Bc4 Bc5 4. 0-0 Nf6 5. d3 a6 6. a4 d6 7. h3 h6 8. Be3 Ba7 9. Nc3 Nd4 10. Bxd4 exd4 11. Ne2 c5 12. c3 dxc3 13. Nxc3 0-0 14. Re1 Nd7 15. Qd2 Nb6 16. a5 Nxc4 17. dxc4 Be6 18. Nd5 b5 19. b3 Rb8 20. Re3 bxc4 21. bxc4 Rb7 22. Rd3 Bb8 23. Qc3 Bc7 24. Nd2 Bxd5 25. exd5 Rb4 26. Rg3 f6 27. Qe3 Kh8 28. Re1 Bxa5 29. Qe7 Qxe7 30. Rxe7 g5 31. Ra3 Bd8 32. Rd7 a5 33. Ne4 f5 34. Nxd6 Kg8 35. Nxf5 Rxf5 36. Rxd8+ Rf8 37. Rxf8+ Kxf8 38. Rxa5 Rxc4 39. d6 Rd4 40. Rxc5 Rd1+ 41. Kh2 Rxd6 42. Rc7 Rd2 43. Kg3 Kg8 44. Kf3 Ra2 45. g4 Ra3+ 46. Kg2 Rb3 47. Re7 Ra3 48. f3 Ra2+ 49. Kg3 Ra3 50. Rd7 Rb3 51. Rd5 Kg7 52. Rf5 Kg6 53. h4 gxh4+ 54. Kxh4 Rc3 55. Kg3 Ra3 56. Re5 Rb3 57. Kf4 Rb4+ 58. Kg3 Rb3 59. Rd5 Ra3 60. Kf4 Ra4+ 61. Ke3 Ra3+ 62. Rd3 Ra6 63. f4 h5 64. g5 h4 65. Ke4 Ra4+ 66. Kf3 Kh5 67. Re3 Rb4 68. Re6 Rb3+ 69. Ke4 h3 70. Rh6+ Kg4 71. g6 Rb4+ 72. Ke5 Rb5+ 73. Kf6 Rb6+ 74. Kf7 Kf5 75. Rh5+ Kxf4 76. Rxh3 Rb7+ 77. Kg8 Kg5 78. g7 Kg6 79. Rg3+ Kh6 80. Kh8 Ra7 81. Rh3+ 1-0

[Event "Rheinland Pfalz op 4th"]
[Site "Altenkirchen"]
[Date "2012.06.08"]
[Round "4"]
[White "Hevizi, Janos"]
[Black "Dietzsch, Herbert"]
[Result "0-1"]
[WhiteElo "1755"]
[BlackElo "2094"]
[PlyCount "88"]
[EventDate "2012.06.07"]
[EventType "swiss"]
[EventRounds "7"]
[EventCountry "GER"]
[SourceTitle "CBM 148 Extra"]
[Source "ChessBase"]
[SourceDate "2012.06.22"]
[SourceVersion "1"]
[SourceVersionDate "2012.06.22"]
[SourceQuality "1"]

1. e4 c5 2. Nf3 Nc6 3. b3 d6 4. Bb2 e6 5. d4 cxd4 6. Nxd4 Nf6 7. Nxc6 bxc6 8. Bd3 e5 9. 0-0 Be7 10. Nd2 0-0 11. f4 Ng4 12. Qe2 d5 13. h3 Bc5+ 14. Kh1 Qh4 15. Rf3 Nf2+ 16. Kh2 Bg4 17. fxe5 Nxd3 18. cxd3 Bxf3 19. Qxf3 Qf2 20. Qxf2 Bxf2 21. exd5 cxd5 22. d4 f6 23. exf6 gxf6 24. Nf3 Rfe8 25. Ba3 Re2 26. Bc5 Rc2 27. Ne1 Bxe1 28. Rxe1 Kf7 29. Re7+ Kg6 30. a4 a5 31. h4 h5 32. Re3 Rg8 33. Kh3 Kf5 34. g3 Rg4 35. Bb6 Re4 36. Rf3+ Ke6 37. Bd8 Ree2 38. g4 Rh2+ 39. Kg3 Rhg2+ 40. Kf4 Rxg4+ 41. Ke3 Rc3+ 42. Kf2 Rxf3+ 43. Kxf3 Rxd4 44. Bxa5 Rd3+ 0-1

[Event "Wch Seniors 20th"]
[Site "Arco"]
[Date "2010.11.03"]
[Round "8"]
[White "Agzamov, Valery"]
[Black "Dietzsch, Herbert"]
[Result "0-1"]
[WhiteElo "2209"]
[BlackElo "2121"]
[PlyCount "50"]
[EventDate "2010.10.26"]
[EventType "swiss"]
[EventRounds "11"]
[EventCountry "ITA"]
[SourceTitle "EXT 2011"]
[Source "ChessBase"]
[SourceDate "2010.11.26"]
[SourceVersion "1"]
[SourceVersionDate "2010.11.26"]
[SourceQuality "1"]

1. e4 c5 2. Nf3 e6 3. d4 cxd4 4. Nxd4 a6 5. Nc3 Qc7 6. g3 Nf6 7. Bg2 Bb4 8. 0-0 0-0 9. Nde2 Be7 10. Be3 d6 11. h3 Nc6 12. a4 Rb8 13. g4 b5 14. axb5 axb5 15. g5 Nd7 16. f4 b4 17. Na4 f6 18. h4 Nc5 19. Nd4 Nxd4 20. Qxd4 fxg5 21. hxg5 e5 22. Qd2 exf4 23. Bxf4 Be6 24. Nxc5 Qxc5+ 25. Qf2 Rxf4 0-1

[Event "Wch Seniors 20th"]
[Site "Arco"]
[Date "2010.10.30"]
[Round "5"]
[White "Dietzsch, Herbert"]
[Black "Vogel, Jaap"]
[Result "1/2-1/2"]
[WhiteElo "2121"]
[BlackElo "2197"]
[PlyCount "57"]
[EventDate "2010.10.26"]
[EventType "swiss"]
[EventRounds "11"]
[EventCountry "ITA"]
[SourceTitle "EXT 2011"]
[Source "ChessBase"]
[SourceDate "2010.11.26"]
[SourceVersion "1"]
[SourceVersionDate "2010.11.26"]
[SourceQuality "1"]

1. e4 e6 2. d4 d5 3. Nc3 Bb4 4. e5 b6 5. Qg4 Bf8 6. Bf4 Qd7 7. Bd3 Ba6 8. Qe2 Bxd3 9. Qxd3 c5 10. Nf3 Nc6 11. a3 Nge7 12. Ne2 Nf5 13. c3 Be7 14. Ng3 Nh4 15. Nxh4 Bxh4 16. Nh5 g6 17. Nf6+ Bxf6 18. exf6 c4 19. Qe2 h5 20. h4 0-0-0 21. 0-0 Kb7 22. a4 Rhe8 23. Rfe1 Na5 24. Ra3 Rc8 25. Qf3 Nb3 26. Qe2 Qd8 27. Be5 Na5 28. Qe3 Nc6 29. Qe2 1/2-1/2